书目信息 |
| 题名: |
白鹿原
|
|
| 作者: | 陈忠实 著 | |
| 分册: | ||
| 出版信息: | 北京 人民文学出版社 1997 |
|
| 页数: | 677页 | |
| 开本: | 20cm | |
| 丛书名: | 茅盾文学奖获奖书系 | |
| 单 册: | ||
| 中图分类: | I247.5 | |
| 科图分类: | ||
| 主题词: | 长篇小说--中国--现代 , 小说--中国 | |
| 电子资源: | ||
| ISBN: | 7-02-002690-7 | |
| 000 | 00691nam0 2200253 45 | |
| 001 | JMS0001199 | |
| 005 | 20031219104122.2 | |
| 010 | @a7-02-002690-7@dCNY28.00 | |
| 100 | @a20030410d1997 ekmy1chiy0120 ea | |
| 101 | 0 | @achi |
| 102 | @aCN@b110000 | |
| 105 | @aah z 000ay | |
| 200 | 1 | @a白鹿原@ABai Lu Yuan@f陈忠实著@FChen Zhong Shi Zhu |
| 205 | @a2版 | |
| 210 | @a北京@c人民文学出版社@d1997 | |
| 215 | @a677页@c照片,摹真@d20cm | |
| 225 | @a茅盾文学奖获奖书系 | |
| 410 | @12001 @a茅盾文学奖获奖书系 | |
| 606 | 0 | @a长篇小说@y中国@z现代 |
| 606 | 0 | @a小说@x中国 |
| 690 | @aI247.5@v4 | |
| 701 | 0 | @a陈忠实@4著 |
| 801 | @aCN@bTSTC@c20031201 | |
| 905 | @b329186-195@dI247.5@e912=2@f10 | |
| 白鹿原/陈忠实著.-2版.-北京:人民文学出版社,1997 |
| 677页:照片,摹真;20cm.-(茅盾文学奖获奖书系) |
| ISBN 7-02-002690-7:CNY28.00 |
| ● |
| 相关链接 |
|
|
|
|
正题名:白鹿原
索取号:I247.5/912=2
 
预约/预借
| 序号 | 登录号 | 条形码 | 馆藏地/架位号 | 状态 | 备注 |
| 1 | 0329191 | 203291918 | 第二借阅区/ [索取号:I247.5/912=2] | 在馆 | |
| 2 | 0329195 | 203291954 | 第一样本阅览室/ [索取号:I247.5/912=2] | 在馆 | |
| 3 | 0353986 | 3539861 | 第二借阅区/ [索取号:I247.5/912=2] | 在馆 | |
| 4 | 0353991 | 203539910 | 第二借阅区/ [索取号:I247.5/912=2] | 在馆 | |
| 5 | 0355421 | 203554215 | 第二借阅区/ [索取号:I247.5/912=2] | 在馆 | |
| 6 | 0355423 | 3554237 | 第二借阅区/ [索取号:I247.5/912=2] |
已借出,限还日期为2026.03.16 借出人:吴虎岳 |
|
| 7 | 0355425 | 3554255 | 第二借阅区/ [索取号:I247.5/912=2] | 在馆 | |
| 8 | 0355426 | 003554264 | 第二借阅区/ [索取号:I247.5/912=2] | 在馆 | |
| 9 | 0355427 | 3554273 | 第二借阅区/ [索取号:I247.5/912=2] | 在馆 | |
| 10 | 353987 | 203539876 | 第二借阅区/ [索取号:I247.5/912=2] | 在馆 |